Anime Song - Statistics

General Stats
  • This quiz has been taken 104 times
  • The average score is 11 of 30
Answer Stats
Hint Answer % Correct
Get down We all let you know this time Can you bring me down Back up, gets far of the sky Black rover
Itsuka tomo ni miyou
Ima wa kuro ni someyou
Konna fuzaketa jidai
Black rover
Black clover
83%

Habata itara modoranai to itte Mezashita no wa shiroi shiroi ano kumo Tsukinuketara mitsukaru to shitte

Furikiru hodo aoi aoi ano sora aoi aoi ano sora aoi aoi ano sora

Naruto
79%
I will be the very best

Like no one ever was

To catch them is my real test

To train them is my cause

I will travel across the land

Searching far and wide
Pokemon
74%
Tobe fly high!
Ase to chi to namida de
Hikaru tsubasa ga
Kimi o doko e datte tsureteiku
Aoi shoudou to honnou to
Souga o mukidashi ni shite
Kannan no tabiji mo
Yumekanau made nando datte
Haikyuu
70%
It's namami, it's namami, yeah-yeah-yeah-yeah
Bling-bang-bang, bling-bang-bang-born
Bling-bang-bang, bling-bang-bang-born
Mashle
67%
Hero! Ore o tataeru koe ya kassai nante hoshiku wa nai sa
Hero! Dakara hitoshirezu aku to tatakau
(Nobody knows who he is)
Sora ooi oshiyoseru teki
Ore wa se o muki wa shinai
Hero! Naraba yuruginaki kakugo shita tame
Kuridase tekken
One punch man
63%
Daddy, daddy, do
Hoshii nosa anata no subete ga
Damasaretara sore demo ii motto furuwasete
Misetekure boku dake ni egao no ura made
Ai ni dakare giragira moete shimaitai
Kaguya sama
59%
Ohayou sekai
Good Morning World!
Fukanou no yami wo haratte
Shinwa wo nichijou ni kaete iku Odyssey
Kokemusu ishi ni michibikare
Sekai wo hirogeyou
Dr stone
56%

Arittakeno yume o kakiatsume sagashi mono sagashini yuku no sa *** ***

rashinban nante jyutai no moto netsu ni ukasare kaji o toru no sa

One Piece
54%
Sekai wa zankoku da sore demo kimi wo aisu yo
Nani wo gisei ni shitemo sore demo kimi wo mamoru yo
Eranda hito no kage suteta mono no shikabane
Kizuitan da jibun no naka sodatsu no wa akuma no ko
Seigi no ura gisei no naka kokoro ni wa akuma no ko
Attack on titan
52%
Daichi wo fumishimete
Kimi wa mezameteiku
Tenshi no hohoemi de
Tsuredashite! (You can smile!)
"Hajimari" wa itsudemo osokunai sa
Nandodemo tachiagare!
Hunter x Hunter
51%
Ima demo, ao ga sundeiru
Ima demo, ao wa sundeiru
Donna inori mo kotoba mo
Chikazukeru no ni, todokanakatta
Marude, shizuka na koi no you na
Hoho wo tsutatta natsu no you na, iro no naka
Kimi wo norou kotoba ga zutto nodo no oku ni tsukaeteru
Jujutsu Kaisen
51%
Happy de ume tsukushite
Rest in peace made ikou ze
Itsuka mita jigoku mo ii tokoro
Ai wo baramaite
I love you kenashite kure
Zenbu ubatte waratte kure my honey
Chainsawman
46%
Yume de takaku tonda karada wa
Donna fuan matotte mo furiharatte iku
Nemuru chiisana omoi hirogari dashite
Kidzuku yowai watashi kimi ga ireba
Kurai sekai tsuyoku ireta
Nagai yume miru kokoro wa sou eien de
Sword art online
34%
Miageta oozora ga aoku sumikitte yuku Tozashita mado wo hiraku koto wo kimeta Jibun wo sekai saemo kaete shimae souna Shunkan wa itsumo sugu soba ni Code geass
33%
Se noDemo sonnan ja dame
Mou sonnan ja hora
Kokoro wa shinka suru yo
Motto motto
Bakemonogatari
32%
Zankoku na tenshi no teeze
Kanashimi ga soshite hajimaru
Dakishimeta inochi no katachi
Sono yume ni mezameta toki
Dare yori mo hikari wo hanatsu
Shounen yo shinwa ni nare
Evangelion
29%

Yuganda sekai ni dan dan boku wa sukitootte mienaku natte

Mitsukenaide boku no koto wo mitsumenaide

Dareka ga egaita sekai no naka de anata wo kizutsuketaku wa nai yo

Tokyo ghoul
28%
Juuryoku ga nemuri ni tsuku sennen ni ichido no kyou
Hanabi no oto ni nose bokura kono hoshi wo deyou
Kare ga me wo samashita toki tsuremodosarenai basho e
"See no" de daichi wo kette koko de wa nai hoshi e
Ikou
Weathering with you
28%
Kokoro karada atama
Minagitte yuku nandaka
Senaka ni ima hane ga haeta naraba
Kurayami kara osaraba, ay
Tobitatte yuku kanata, ay
Kokoro karada atama
Natsukashii atataka sa
Ashimoto ni ima hana ga saita naraba
Kurayami kara osaraba, ay
Tobitatte yuku kanata, woah
Dan da dan
23%
Bokura wa bokura wa ano kaketa tsuki no
Hanbun o sagashite
Kodoku o wakeau koto ga dekita nara
Mou ichido chikau yo
Gintama
23%
I wanna danshingu danshingu Rooringu rooringu Onrii wan mai raifu
Yagate jinsei datte owatte shimau ze
Munashisa dake ja tarinai darou?
Da-da-da-danshingu danshingu
Rooringu rooringu
Eien da nante
Arigachi na gensou yori mo ima wo odorou
Zom 100
22%
We are maverick kyuusai nante iranai
Donna rifujin osooutomo
Kateba ii dake no hanashi darou
Kakehiki to sainou ga muhai izanau
Umarenaoshita inochi de tanoshimu sa
Jibun dake wa jibun shinjiteru
No game no life
21%
Eien wa nain da to nain da to iu
Sore mo mata ii ne to waratte miru
Kagayakeba itsuka wa hikari mo taeru
Bokura wa inochi no hi ga kieru sono hi made aruite yuku
Fire force
18%
Mou ii
Aa shite kou shite ittetatte
Aishite dou shite? iwaretatte
Asobi dake nara kantan de shinken koushou muchakucha de
Omoi mo shinai omoi kotoba
Nando tsukaifurusu no ka?
Douse
Kitai shitetanda deki reesu demo
Inyou darake no fureezu mo
Kakato mochiagaru kotoba tabuu ni shite
Kuuki wo yonda ame furanaide yo
Domestic girlfriend
16%
Aa kono mama bokutachi no koe ga
Sekai no hajikko made kieru koto naku
Todoitari shitara ii no ni na
Soshitara ame futari de donna kotoba wo hanatou
Kieru koto nai yakusoku wo futari de "Se-no" de iou
Ohh
Your name
12%
Kimi no naka ni aru aka to aoki sen
Sorera ga musubareru no wa shin no zou
Kaze no naka demo makenai you na koe de
Todokeru kotoba wo ima wa sodateteru
Suzume
9%
koero koero koero koero gyakuten hisshi no harmoni
hoero hoero hoero hoero kyuuten chokka no harmoni
agero, ikiba wo nakushita kobushi wo
toki wo kakenukete moetsukiru made
Boruto
7%
Dou shitatte kesenai yume mo tomarenai ima mo
Dareka no tame ni tsuyoku nareru nara
Arigatou kanashimi yo
Sekai ni uchinomesarete makeru imi wo shitta
Guren no hana yo sakihokore
Unmei wo terashite
Demon slayers
6%
Hirari hirari
Mekuri mekuru
Sutoorii sutoorii
Kido airaku sewashii
Norari kurari
Mekuri mekuru
Sutoorii sutoorii
Jiko sekinin kewashii
Watakoi
1%
No matching quizzes found
Score Distribution
Percent of People with Each Score
Percentile by Number Answered
Your Score History
You have not taken this quiz